000 00618cam a22002053a 4500
001 43923
003 PGUSA
005 20140828084012.0
008 131010s2013||||xxu|||||s|||||000 | eng d
040 _aPGUSA
_beng
042 _adc
100 1 _aAimard, Gustave,
_d1818-1883
245 1 0 _aLe lion du désert :
_bScènes de la vie indienne dans les prairies
_h[electronic resource] /
_cGustave Aimard
260 _bProject Gutenberg,
_c2013
506 _aPublic domain in the USA.
516 _aElectronic text
830 0 _aProject Gutenberg
_v43923
856 4 0 _uhttp://www.gutenberg.org/ebooks/43923
942 _cEB
999 _c273174
_d273174